000 00441cam a2200181ua 4500
001 10584
008 190319n ii |||gr||||Z||||||eng
020 _a9788173812057
040 _cMAIN
082 _a954
100 _aKiran Chandra Chaudhuri,
_eAuthor.
245 _aHistory of medieval india
250 _a1st rep.
260 _aHowrah:
_bNew central book agency,
_c2016.
300 _a320p.
653 _aSouth Asia India
942 _cBK
999 _c9557
_d9557